000
00235nam a2200097Ia 4500
008
231212s1988 xx 000 0 und d
041
_a
eng
100
_a
Malvino
245
_a
Electronic Principles
260
_a
Bombay
_b
D.B. Tarapur
_c
1988
999
_c
960691
_d
960691